000 00805cam a2200265 4500500
005 20260329004728.0
041 _afre
042 _adc
100 1 0 _aFlaßpöhler, Svenja
_eauthor
245 0 0 _aMarkus Gabriel : “Si les ‘antivax’ sont trop virulents, il faudra rendre la vaccination obligatoire !”
260 _c2021.
500 _a80
690 _aAllemagne
690 _aAntivax
690 _aConfiance
690 _aCovid-19
690 _aLiberté
690 _aMarkus Gabriel
690 _aMorale
690 _aPédagogie
690 _aRationalité
690 _avaccin
786 0 _nPhilosophie magazine | 146 | 2 | 2021-02-01 | p. 30-30 | 1951-1787
856 4 1 _uhttps://shs.cairn.info/magazine-philosophie-magazine-2021-2-page-30?lang=fr&redirect-ssocas=7080
999 _c1836721
_d1836720